000 00683nam a2200181Ia 4500
008 151018s9999 xx 000 0 und d
082 _bRBASDV17219
_a891.463
100 _aचंद्रकांत काकोडकर
245 _aरक्तपिपासू मांजरी
250 _b1
260 _bयुवराज प्रकाशन पुणे
_c1980
300 _a155
600 _aचंद्रकांत काकोडकर
630 _aरक्तपिपासू मांजरी
700 _aचंद्रकांत काकोडकर
730 _aरक्तपिपासू मांजरी
942 _cBOOK
999 _c1017902
_d1017899